[Event "Washington Open--Reserve Section"]
[Site "Lynnwood, WA"]
[Date "2017.05.27"]
[Round "2"]
[White "Greenwalt  (WA), Larry"]
[Black "Tu  (WA), Robin"]
[Result "0-1"]
[WhiteElo "1416"]
[BlackElo "1646"]
[PlyCount "44"]
[EventDate "2017.05.27"]
[EventType "swiss"]
[EventRounds "6"]

1. e4 d6 2. d4 Nf6 3. Nc3 g6 4. Nf3 Bg7 5. Be2 O-O 6. Bg5 Nbd7 7. Qd2 Re8 8.
Bh6 Bh8 9. O-O-O c5 10. h4 cxd4 11. Nxd4 Ne5 12. f3 Nc6 13. Nxc6 bxc6 14. g4
Be6 15. h5 Qa5 16. a3 Rab8 17. hxg6 fxg6 18. Bg5 Rxb2 19. Bxf6 Bxf6 20. Qh6
Qxc3 21. Qxh7+ Kf8 22. Bd3 Reb8 0-1

[Event "Washington Open--Reserve Two Day"]
[Site "Lynnwood, WA"]
[Date "2017.05.28"]
[Round "1"]
[White "Varner  (WA), Murlin"]
[Black "Hendricks  (WA), David"]
[Result "0-1"]
[WhiteElo "1500"]
[BlackElo "1705"]
[PlyCount "20"]
[EventDate "2017.05.28"]
[EventType "swiss"]
[EventRounds "1"]
[SourceDate "2017.05.28"]
[SourceVersionDate "2017.05.28"]

1. c4 e5 2. Nc3 Nf6 3. g3 c6 4. Bg2 d5 5. cxd5 cxd5 6. e3 Nc6 7. Nge2 Bf5 8.
O-O Rc8 9. Qb3 Nb4 10. a3 Bc2 0-1

[Event "Washington Open--Open Section"]
[Site "?"]
[Date "2017.05.27"]
[Round "2"]
[White "Breckenridge  (OR), Steven"]
[Black "McCoy  (OR), Owen"]
[Result "1-0"]
[WhiteElo "2337"]
[BlackElo "2013"]
[PlyCount "121"]
[EventDate "2017.05.28"]
[EventType "swiss"]
[EventRounds "6"]

1. e4 c5 2. c3 Nf6 3. e5 Nd5 4. d4 cxd4 5. Nf3 Nc6 6. Bc4 Nb6 7. Bb3 d6 8. exd6
Qxd6 9. O-O Be6 10. Na3 Bxb3 11. Qxb3 e6 12. Nb5 Qd8 13. Rd1 Be7 14. Nfxd4 Nxd4
15. Rxd4 Qc8 16. Nxa7 Rxa7 17. Qxb6 Ra6 18. Qb5+ Qc6 19. Qd3 O-O 20. Be3 Re8
21. a3 b5 22. Rd1 Raa8 23. Qe4 Qa6 24. Rd7 Rad8 25. Qe5 Rxd7 26. Rxd7 Bf6 27.
Qe4 Rd8 28. Rxd8+ Bxd8 29. Qd4 Qc8 30. Qd3 Qb8 31. Ba7 Qc8 32. Qxb5 Bc7 33. g3
h5 34. Qxh5 Qb7 35. Qc5 Bd8 36. b4 Be7 37. Qb6 Qf3 38. Qb8+ Kh7 39. Qf4 Qxc3
40. Qxf7 Qc1+ 41. Kg2 Qc6+ 42. Qf3 Qd7 43. Qe4+ Kg8 44. Bc5 Bf6 45. Qa8+ Kh7
46. a4 e5 47. Qe4+ Kg8 48. a5 Qb5 49. Qa8+ Kh7 50. a6 Qe2 51. Qc8 Qe4+ 52. Kh3
Qd3 53. a7 Qf1+ 54. Kg4 Qe2+ 55. f3 Qc4+ 56. Kf5 Qd3+ 57. Ke6 Qc4+ 58. Kd6 Qd3+
59. Kc7 e4 60. a8=Q Bd8+ 61. Qxd8 1-0

[Event "Washington Open--Open Section"]
[Site "Lynnwood, WA"]
[Date "2017.05.28"]
[Round "1"]
[White "Mathews  (WA), Dan"]
[Black "Orlov  (WA), Georgi"]
[Result "0-1"]
[WhiteElo "1827"]
[BlackElo "2528"]
[PlyCount "76"]
[EventDate "2017.05.28"]
[EventType "swiss"]
[EventRounds "6"]

1. d4 Nf6 2. Nf3 d6 3. g3 g6 4. Bg2 Bg7 5. O-O O-O 6. Re1 c5 7. dxc5 dxc5 8.
Qxd8 Rxd8 9. Nc3 Nc6 10. a3 Bd7 11. e4 Ng4 12. Nd5 Nd4 13. Nxd4 Bxd4 14. Ne3
Nxe3 15. Bxe3 Bxb2 16. Rab1 Bxa3 17. Rxb7 Bb4 18. Rc1 Be6 19. c3 Ba3 20. Rcb1
a5 21. Bf1 c4 22. Bd4 Rac8 23. Ra1 Bc5 24. Bxc5 Rxc5 25. Ra7 Rb8 26. R7xa5 Rxa5
27. Rxa5 Rb3 28. Ra1 Rxc3 29. h3 Kg7 30. e5 g5 31. Re1 Rc2 32. Bg2 Rd2 33. g4
c3 34. Rc1 c2 35. Bf3 Bb3 36. Kg2 Rd1 37. Bxd1 cxd1=Q 38. Rxd1 Bxd1 0-1

[Event "Washington Open--Reserve Two Day"]
[Site "Lynnwood, WA"]
[Date "2017.05.28"]
[Round "2"]
[White "Pogrebinsky  (WA), Ethan"]
[Black "Varner  (WA), Murlin"]
[Result "1-0"]
[WhiteElo "1392"]
[BlackElo "1500"]
[Annotator "Murlin"]
[PlyCount "31"]
[EventDate "2017.05.28"]
[EventType "swiss"]
[EventRounds "6"]

1. e4 c5 2. Nf3 Nc6 3. d4 cxd4 4. Nxd4 Nf6 5. Nc3 e6 6. Nxc6 bxc6 7. Bd3 Bc5 (
7... Qc7) 8. Bg5 O-O $4 (8... Bd4 $11) 9. e5 h6 10. exf6 hxg5 11. Qh5 Bxf2+ 12.
Ke2 g6 13. Bxg6 Ba6+ 14. Kd1 fxg6 15. Qxg6+ Kh8 16. Qg7# 1-0

[Event "Washington Open--Booster Section"]
[Site "Lynnwood, WA"]
[Date "2017.05.27"]
[Round "1"]
[White "Valeriote  (WA), Cecelia"]
[Black "Ryan  (WA), Stephen"]
[Result "0-1"]
[WhiteElo "959"]
[BlackElo "1288"]
[PlyCount "38"]
[EventDate "2017.05.28"]
[EventType "swiss"]
[EventRounds "6"]

1. d4 Nf6 2. c4 e6 3. Nf3 d5 4. Nc3 c6 5. e3 Nbd7 6. Bd3 dxc4 7. Bxc4 c5 8. O-O
b6 9. e4 cxd4 10. Qxd4 Bc5 11. Qd1 Bb7 12. Bd3 O-O 13. Bg5 Qb8 14. h3 h6 15.
Bh4 Nh5 16. Qd2 Ne5 17. Bg3 Nxf3+ 18. gxf3 Qxg3+ 19. Kh1 Qxh3+ 0-1

[Event "Washington Open--Reserve Section"]
[Site "Lynnwood, WA"]
[Date "2017.05.27"]
[Round "1"]
[White "Johnson  (WA), Cleve"]
[Black "Cicio  (WA), Daniel"]
[Result "1/2-1/2"]
[WhiteElo "1537"]
[BlackElo "1271"]
[PlyCount "51"]
[EventDate "2017.05.27"]
[EventType "swiss"]
[EventRounds "6"]

1. e4 e6 2. d4 d5 3. Nc3 dxe4 4. Nxe4 Bd7 5. Nf3 Bc6 6. Bd3 Nd7 7. O-O Ngf6 8.
Re1 Be7 9. c3 O-O 10. Qc2 Nxe4 11. Bxe4 Bxe4 12. Qxe4 c6 13. Bf4 Nf6 14. Qe2 c5
15. Rad1 Qa5 16. a3 cxd4 17. Nxd4 Rfe8 18. Be5 Rad8 19. Nf3 Rxd1 20. Rxd1 Rd8
21. Bd4 Nd7 22. Re1 Bf6 23. Bxf6 Nxf6 24. Ne5 Qd5 25. Kf1 a6 26. c4 1/2-1/2

[Event "Washington Open--Open Section"]
[Site "Lynnwood, WA"]
[Date "2017.05.27"]
[Round "1"]
[White "Calpo  (WA), Benjamin"]
[Black "Moore  (OR), Michael"]
[Result "1-0"]
[WhiteElo "2008"]
[BlackElo "1652"]
[PlyCount "49"]
[EventDate "2017.05.28"]
[EventType "swiss"]
[EventRounds "6"]

1. e4 c5 2. Nf3 d6 3. d4 cxd4 4. Nxd4 Nf6 5. Nc3 a6 6. Bc4 e6 7. Bb3 Nbd7 8.
Be3 Nc5 9. f3 Qc7 10. Qd2 Be7 11. g4 h6 12. O-O-O b5 13. h4 b4 14. Nce2 Rb8 15.
g5 hxg5 16. hxg5 Rxh1 17. Rxh1 Nfd7 18. g6 a5 19. gxf7+ Kxf7 20. Nxe6 Qc6 21.
N2d4 Qa6 22. Qg2 Bf6 23. Rh7 Bxd4 24. Nxd4+ Ke8 25. Qg6+ 1-0

[Event "Washington Open--Reserve Two Day"]
[Site "?"]
[Date "2017.05.28"]
[Round "3"]
[White "Varner  (WA), Murlin"]
[Black "Buchignani  (WA), Paul"]
[Result "1-0"]
[WhiteElo "1500"]
[BlackElo "1473"]
[Annotator "Murlin"]
[PlyCount "81"]
[EventDate "2017.??.??"]

1. e4 c5 2. Nf3 g6 3. d4 cxd4 4. Nxd4 Bg7 5. Bc4 Nc6 6. Nxc6 bxc6 7. O-O d6 8.
Qf3 Nf6 9. Nc3 Bb7 10. Bg5 O-O 11. Rad1 Qb6 12. Bb3 Qa5 13. Bd2 Qc7 14. Rfe1 c5
15. Bf4 Rad8 16. Qg3 Nh5 17. Qe3 Nxf4 18. Qxf4 Be5 19. Qh4 Bg7 20. Bd5 e6 21.
Nb5 Qb6 22. Bc4 a6 23. Na3 Rd7 24. b3 Rfd8 25. Bf1 d5 26. exd5 Rxd5 27. Rxd5
Rxd5 28. Nc4 Qb4 29. Re3 Rd1 30. a3 Qb5 31. Qg3 Bf6 32. Rd3 Rc1 $4 33. Qf4
Rxf1+ 34. Kxf1 Kg7 35. Nd6 Qc6 36. Nxb7 Qxb7 37. Rf3 Be7 38. Qxf7+ Kh6 39. Rh3+
Kg5 40. f4+ Kg4 41. Rg3+ 1-0

[Event "Washington Open--Reserve Section"]
[Site "Lynnwood, WA"]
[Date "2017.05.27"]
[Round "1"]
[White "Zhang  (WA), Kyle"]
[Black "Orr  (WA), Michael"]
[Result "0-1"]
[WhiteElo "1339"]
[BlackElo "1613"]
[PlyCount "54"]
[EventDate "2017.05.27"]

1. e4 c5 2. Nf3 d6 3. d4 cxd4 4. Nxd4 Nf6 5. Nc3 a6 6. Be3 e5 7. Nb3 Be6 8. f3
Be7 9. Qd2 O-O 10. O-O-O Nbd7 11. g4 b5 12. h4 Nb6 13. h5 b4 14. Ne2 Nc4 15.
Qd3 Nxe3 16. Qxe3 Nxg4 17. fxg4 Bg5 18. Qxg5 Qxg5+ 19. Kb1 Qd8 20. Bh3 Qc7 21.
Ng3 a5 22. Nf5 a4 23. Nc1 b3 24. cxb3 axb3 25. Nxb3 Bxb3 26. axb3 Ra6 27. Rc1
Qa7 0-1

[Event "Washington Open--Open Section"]
[Site "Lynnwood, WA"]
[Date "2017.05.27"]
[Round "1"]
[White "Bishop  (WA) , Alan"]
[Black "Tien  (WA) , Sophie"]
[Result "1-0"]
[WhiteElo "2038"]
[BlackElo "1727"]
[PlyCount "47"]
[EventDate "2017.05.27"]

1. e4 e5 2. f4 Bc5 3. Nf3 d6 4. Nc3 Nc6 5. Bb5 Nf6 6. d3 O-O 7. Na4 Nd4 8. Nxd4
Bxd4 9. c3 Bb6 10. Nxb6 axb6 11. O-O h6 12. Qf3 Kh8 13. fxe5 dxe5 14. Bxh6 Qd6
15. Bc4 c6 16. Bg5 Nh7 17. Bh4 f5 18. Qh5 f4 19. Rad1 c5 20. a3 Bd7 21. d4 cxd4
22. cxd4 exd4 23. e5 Qc5 24. Bd3 1-0

[Event "Washington Open--Open Section"]
[Site "Lynnwood, WA"]
[Date "2017.05.27"]
[Round "1"]
[White "Ahluwalia  (WA) , Anshul"]
[Black "Seitzer  (OR), Phillip"]
[Result "0-1"]
[WhiteElo "1744"]
[BlackElo "2066"]
[PlyCount "74"]
[EventDate "2017.05.27"]

1. d4 d5 2. Nf3 Nf6 3. c4 c6 4. Qc2 g6 5. Bf4 Bf5 6. Qb3 Qb6 7. e3 Bg7 8. Nc3
O-O 9. c5 Qxb3 10. axb3 Nbd7 11. h3 Ne4 12. b4 Rfe8 13. Nxe4 dxe4 14. Ne5 Nxe5
15. dxe5 Be6 16. Be2 Red8 17. Bd1 Bc4 18. Bc2 Bd3 19. Bxd3 Rxd3 20. Rd1 Rad8
21. Ke2 f5 22. f3 Rxd1 23. Rxd1 Rxd1 24. Kxd1 Kf7 25. Bg3 exf3 26. gxf3 Ke6 27.
f4 Kd5 28. Ke2 Ke4 29. Bh4 Bf8 30. Be1 e6 31. Bd2 Be7 32. Bc3 h6 33. Kf2 Bh4+
34. Ke2 Bg3 35. Bd4 Bxf4 36. exf4 Kxd4 37. Kf3 g5 0-1

[Event "Washington Open--Reserve Section"]
[Site "Lynnwood, WA"]
[Date "2017.05.28"]
[Round "4"]
[White "Gregson  (WA) , Daniel"]
[Black "Varner  (WA) , Murlin"]
[Result "0-1"]
[WhiteElo "1331"]
[BlackElo "1500"]
[Annotator "Murlin"]
[PlyCount "84"]
[EventDate "2017.05.28"]

1. e4 Nc6 2. Nf3 e5 3. d4 exd4 4. Nxd4 Bc5 5. Nxc6 Qf6 6. Qe2 dxc6 7. Nc3 Be6
8. f4 Nh6 9. h3 Rd8 (9... Qh4+ 10. Kd1 Ng4 11. hxg4 Qxh1 12. f5 O-O-O+ $19) 10.
Be3 Qh4+ 11. Qf2 Qxf2+ 12. Bxf2 Bxf2+ 13. Kxf2 Rd2+ 14. Be2 Rxc2 15. Rab1 O-O
16. Rhd1 Bc4 17. g4 Bxe2 18. Nxe2 f6 19. Ke3 Nf7 20. Nd4 Rh2 21. Rh1 Rxh1 22.
Rxh1 Re8 23. b4 Nd6 24. f5 Nxe4 25. Ne6 Nc3 26. Rh2 Nd5+ 27. Kd4 Kf7 28. b5 Re7
29. bxc6 bxc6 30. Nd8+ Ke8 31. Nxc6 Rd7 32. Re2+ Kf7 33. Kc5 Nf4 34. Re3 a6 35.
Kc4 Nd5 36. Re6 Nb6+ 37. Kc3 Nd5+ 38. Kc4 Nf4 39. Re3 Kf8 40. Nd4 Nd5 41. Ne6+
Kf7 $11 42. a3 $4 Nxe3+ 0-1

[Event "Washington Open--Reserve Section"]
[Site "Lynnwood, WA"]
[Date "2017.05.27"]
[Round "1"]
[White "Merrikin  (WA) , David"]
[Black "Long, Sanford"]
[Result "1-0"]
[WhiteElo "1468"]
[BlackElo "1085"]
[PlyCount "63"]
[EventDate "2017.05.27"]

1. c4 e5 2. Nc3 Nc6 3. g3 Nf6 4. Bg2 Bb4 5. Nd5 Bc5 6. e3 d6 7. Ne2 O-O 8. O-O
Be6 9. d4 Bb4 10. Nxf6+ Qxf6 11. d5 Nd8 12. dxe6 Qxe6 13. a3 Ba5 14. Qc2 c5 15.
b3 Rb8 16. Bb2 b5 17. Rad1 bxc4 18. bxc4 Qe7 19. h3 Ne6 20. Nc3 Bxc3 21. Bxc3
Nc7 22. Qa4 a6 23. Ba5 Ne8 24. Rd2 f5 25. Kh2 f4 26. Qd1 Qg5 27. Rd5 fxg3+ 28.
fxg3 Rxf1 29. Qxf1 Qxe3 30. Rd3 Qg5 31. Bd5+ Kh8 32. Qf8# 1-0

[Event "Washington Open--Reserve Section"]
[Site "Lynnwood, Wa"]
[Date "2017.05.29"]
[Round "5"]
[White "Varner  (WA), Murlin"]
[Black "Xiao  (WA) , Alison"]
[Result "1-0"]
[WhiteElo "1500"]
[BlackElo "1322"]
[PlyCount "77"]
[EventDate "2017.05.29"]

1. g3 e5 2. Bg2 Nf6 3. d3 Nc6 4. Nf3 d5 5. O-O Bd6 6. Bg5 Be6 7. Nc3 O-O 8. Re1
Ne7 9. e4 d4 10. Nb5 Ng6 11. Nxd6 Qxd6 12. Bxf6 gxf6 13. h4 h5 14. Nh2 Kg7 15.
Qxh5 Rh8 16. Qf3 Rh6 17. Ng4 Bxg4 18. Qxg4 Rah8 19. Bf3 Kf8 20. Kf1 Ke7 21. Ke2
c5 22. b3 b5 23. a4 b4 24. Qf5 Nf8 25. Qc8 Nd7 26. Qb7 a6 27. Bg4 Rg8 28. Bxd7
Qxd7 29. Qxa6 Rhg6 30. Qb5 Qc8 31. a5 Rxg3 32. fxg3 Rxg3 33. Kd2 Re3 34. Rad1
Qh3 35. Qxc5+ Ke8 36. Kc1 Qg3 37. Qxb4 Qf4 38. Kb1 Rxe1 39. Rxe1 1-0

[Event "Washington Open--Open Section"]
[Site "Lynnwood, WA"]
[Date "2017.05.27"]
[Round "1"]
[White "Casey  (WA), Garrett"]
[Black "Cigan  (OR), Jason"]
[Result "1-0"]
[WhiteElo "1834"]
[BlackElo "2193"]
[PlyCount "77"]
[EventDate "2017.05.27"]

1. e4 c6 2. d4 d5 3. exd5 cxd5 4. c4 Nf6 5. Nc3 Nc6 6. Nf3 Be6 7. c5 g6 8. Bb5
Bg7 9. Ne5 Bd7 10. Qa4 Nxe5 11. dxe5 Ne4 12. Nxe4 dxe4 13. Bxd7+ Qxd7 14. Qxe4
Qb5 15. Be3 O-O 16. O-O-O b6 17. Rd3 bxc5 18. Rb3 Qa6 19. Kb1 c4 20. Ra3 Qe6
21. f4 f6 22. Rc1 Rab8 23. Qxc4 Qxc4 24. Rxc4 fxe5 25. Bxa7 Rb7 26. Bc5 exf4
27. b4 g5 28. Rf3 Rf5 29. Kc2 Re5 30. Kd2 Rd5+ 31. Rd3 Rf5 32. a4 g4 33. a5 Rf6
34. Ke2 e5 35. Rd6 g3 36. hxg3 fxg3 37. Rxf6 Bxf6 38. a6 Rb8 39. a7 1-0

[Event "Washington Open"]
[Site "Lynnwood, WA"]
[Date "2017.05.27"]
[Round "1"]
[White "Tafalla  (WA) , Gabriel"]
[Black "Breckenridge  (OR) , Steven"]
[Result "0-1"]
[WhiteElo "1883"]
[BlackElo "2337"]
[PlyCount "64"]
[EventDate "2017.05.30"]

1. e4 e5 2. Nf3 Nc6 3. d4 exd4 4. Nxd4 Nf6 5. Nc3 Bc5 6. Nb3 Bb4 7. Bd3 d5 8.
exd5 Nxd5 9. Bd2 Nxc3 10. bxc3 Bd6 11. Nd4 Ne5 12. Bf5 Qf6 13. Bxc8 Rxc8 14.
Rb1 c5 15. Nb5 Bb8 16. f4 Nc4 17. Qe2+ Qe7 18. Qxe7+ Kxe7 19. Bc1 b6 20. O-O f5
21. a4 Rcd8 22. Na3 Nxa3 23. Bxa3 Rd2 24. a5 Bc7 25. Rf2 Rhd8 26. axb6 axb6 27.
Re1+ Kf7 28. Bc1 R2d7 29. Rfe2 Ra8 30. Kf2 Ra2 31. h3 Bd8 32. g4 Bh4+ 0-1

[Event "Washington Open--Open Section"]
[Site "Lynnwood, WA"]
[Date "2017.05.27"]
[Round "2"]
[White "Lee  (WA) , Brian"]
[Black "Bishop  (WA) , Alan"]
[Result "0-1"]
[WhiteElo "1626"]
[BlackElo "2038"]
[PlyCount "36"]
[EventDate "2017.05.27"]

1. d4 d6 2. e4 g6 3. Nc3 Bg7 4. f3 Nc6 5. Be3 e5 6. dxe5 dxe5 7. Bc4 Nd4 8.
Nge2 Ne7 9. Qd2 c6 10. a4 O-O 11. Rd1 c5 12. O-O Qb6 13. Rb1 Qb4 14. Bd3 c4 15.
Bxc4 Qxc4 16. b3 Qb4 17. Nc1 Rd8 18. Nd3 Qxc3 0-1

[Event "Washington Open--Open Section"]
[Site "Lynnwood, WA"]
[Date "2017.05.27"]
[Round "1"]
[White "Pupols  (WA) , Viktors"]
[Black "Petrov  (WA) , Oscar"]
[Result "1-0"]
[WhiteElo "2200"]
[BlackElo "1842"]
[PlyCount "63"]
[EventDate "2017.05.27"]

1. c4 Nf6 2. Nc3 g6 3. d4 Bg7 4. e4 c5 5. d5 d6 6. Bd3 O-O 7. Nf3 Bg4 8. h3
Bxf3 9. Qxf3 Nfd7 10. Qd1 e6 11. O-O Ne5 12. Be2 exd5 13. exd5 g5 14. f4 Ng6
15. fxg5 Bd4+ 16. Kh1 Re8 17. Bd3 Nd7 18. Ne4 Qe7 19. Qc2 Qe5 20. Bd2 b5 21.
Rae1 bxc4 22. Nf6+ Nxf6 23. Rxe5 Rxe5 24. Bxg6 hxg6 25. gxf6 Rb8 26. Bc3 Rxd5
27. Qa4 Bxc3 28. bxc3 Rd2 29. Qxa7 Re8 30. Qa4 Rc8 31. Qxc4 d5 32. Qf4 1-0

[Event "Washington Open--Reserve Section"]
[Site "Lynnwood, WA"]
[Date "2017.05.27"]
[Round "1"]
[White "Shea  (WA), Adam"]
[Black "Hwang  (WA), Matthew"]
[Result "0-1"]
[WhiteElo "1131"]
[BlackElo "1468"]
[PlyCount "63"]
[EventDate "2017.06.02"]

1. e4 c5 2. d4 cxd4 3. c3 dxc3 4. Nxc3 d6 5. Nf3 Nc6 6. Bc4 Nf6 7. O-O e6 8.
Qe2 a6 9. Rd1 Qc7 10. Bf4 Be7 11. Rac1 O-O 12. a3 Rd8 13. h3 b6 14. Qe3 Rb8 15.
e5 dxe5 16. Rxd8+ Qxd8 17. Nxe5 Bc5 18. Nxc6 Bxe3 19. Nxd8 Bxf4 20. Nc6 Bxc1
21. Nxb8 b5 22. Nxb5 axb5 23. Bxb5 Bxb2 24. a4 Bc3 25. Nc6 Bd7 26. Nb8 Bxb5 27.
axb5 Bd4 28. Nc6 Bc5 29. Kf1 Ne4 30. Ke2 Nd6 31. Kd3 Bxf2 32. Na7 0-1

[Event "Washington Open--Open Section"]
[Site "Lynnwood, WA"]
[Date "2017.05.27"]
[Round "1"]
[White "Helff  (WA), Florian"]
[Black "Zhang  (WA), Brendan"]
[Result "0-1"]
[WhiteElo "1733"]
[BlackElo "2039"]
[PlyCount "71"]
[EventDate "2017.06.02"]

1. d4 Nf6 2. c4 e6 3. Nc3 Bb4 4. a3 Bxc3+ 5. bxc3 b6 6. Bg5 Bb7 7. Nf3 d6 8. e3
Nbd7 9. Bd3 h6 10. Bxf6 Nxf6 11. Qc2 O-O 12. O-O Qe7 13. e4 e5 14. d5 Bc8 15.
Ne1 Nh5 16. g3 Qg5 17. Ng2 Bh3 18. Qc1 Nf4 19. Nxf4 Bxf1 20. Bxf1 exf4 21. Qxf4
Rae8 22. Re1 g6 23. h4 Qxf4 24. gxf4 Re7 25. h5 Rfe8 26. f3 f5 27. Bg2 g5 28.
fxg5 hxg5 29. Bh3 g4 30. fxg4 Rxe4 31. Rxe4 Rxe4 32. g5 Rh4 33. Bxf5 Rxh5 34.
Kf2 Rxg5 35. Be6+ Kf8 36. Ke2 0-1

[Event "Washington Open--Open Section"]
[Site "Lynnwood, WA"]
[Date "2017.05.27"]
[Round "2"]
[White "Sinanan  (WA), Josh"]
[Black "Mathews  (WA), Dan"]
[Result "1-0"]
[WhiteElo "2261"]
[BlackElo "1828"]
[PlyCount "43"]
[EventDate "2017.06.02"]

1. d4 d6 2. Nf3 g6 3. Nc3 Bg7 4. e4 c6 5. h3 Nd7 6. a4 c5 7. Be3 cxd4 8. Nxd4
Ngf6 9. g4 Nc5 10. Bg2 h6 11. Qd2 Rb8 12. O-O a6 13. Rfd1 Bd7 14. f4 Qc7 15. e5
dxe5 16. fxe5 Nxg4 17. hxg4 Bxe5 18. Nf3 Bxg4 19. Nxe5 Bxd1 20. Rxd1 O-O 21.
Nd5 Qd6 22. Nc4 1-0

[Event "Washington Open--Open Section"]
[Site "Lynnwood, WA"]
[Date "2017.05.28"]
[Round "4"]
[White "Huang  (CAN), Patrick"]
[Black "Helff  (WA), Florian"]
[Result "1-0"]
[WhiteElo "2029"]
[BlackElo "1733"]
[PlyCount "37"]
[EventDate "2017.06.02"]
[SourceDate "2017.06.03"]
[SourceVersionDate "2017.06.03"]

1. e4 d6 2. d4 Nf6 3. Nc3 Nbd7 4. Nf3 e5 5. Bc4 Be7 6. O-O c6 7. a4 h6 8. Be3
Qc7 9. Qd2 Ng4 10. Ne2 Ndf6 11. Ng3 g5 12. Qc3 Nxe3 13. fxe3 g4 14. dxe5 gxf3
15. exf6 fxg2 16. Bxf7+ Kxf7 17. fxe7+ gxf1=Q+ 18. Rxf1+ Kxe7 19. Qg7+ 1-0

[Event "Washington Open--Reserve Section"]
[Site "Lynnwood, WA"]
[Date "2017.05.28"]
[Round "4"]
[White "Mayer  (WA), Jacob"]
[Black "Hendricks  (WA), David"]
[Result "0-1"]
[WhiteElo "1766"]
[BlackElo "1705"]
[PlyCount "56"]
[EventDate "2017.06.02"]
[SourceDate "2017.06.03"]
[SourceVersionDate "2017.06.03"]

1. e4 c5 2. c4 Nc6 3. Ne2 g6 4. d4 cxd4 5. Nxd4 Bg7 6. Be3 Nf6 7. Nc3 d6 8. Be2
O-O 9. O-O Bd7 10. f3 Rc8 11. Rc1 Nxd4 12. Bxd4 Bc6 13. Nd5 Bh6 14. Nxf6+ exf6
15. Rc3 b6 16. Qd3 Re8 17. Rd1 Qe7 18. Bf1 Rcd8 19. g3 Bd7 20. Bg2 f5 21. Rc2
fxe4 22. fxe4 Bc6 23. Re1 d5 24. cxd5 Bxd5 25. Rce2 Bc6 26. Qc3 Rc8 27. Qb3 Qd7
28. Rd1 Ba4 0-1

[Event "Washington Open--Reserve Section"]
[Site "Lynnwood, WA"]
[Date "2017.05.28"]
[Round "4"]
[White "Subramanian  (WA), Nithya"]
[Black "Buchignani  (WA), Paul"]
[Result "0-1"]
[WhiteElo "1131"]
[BlackElo "1473"]
[PlyCount "50"]
[EventDate "2017.06.02"]
[SourceDate "2017.06.03"]
[SourceVersionDate "2017.06.03"]

1. d4 Nf6 2. c4 e6 3. Nc3 Bb4 4. Bd2 Nc6 5. e3 O-O 6. a3 Bxc3 7. Bxc3 d5 8. Bd3
b6 9. Nf3 Ba6 10. cxd5 Bxd3 11. Qxd3 Qxd5 12. O-O e5 13. Qc2 e4 14. Nd2 Rfe8
15. h3 Re6 16. Qb3 Qh5 17. Qd1 Qh4 18. Nb3 Rd8 19. Rc1 Rd5 20. Kh2 Ne5 21. g3
Qh6 22. Nd2 Nd3 23. Rc2 Rh5 24. h4 Qg5 25. Nxe4 Rxe4 0-1

[Event "Washington Open--Reserve Section"]
[Site "Lynnwood, WA"]
[Date "2017.05.28"]
[Round "4"]
[White "Greenawalt  (WA), Larry"]
[Black "Min  (WA), Ryan"]
[Result "0-1"]
[WhiteElo "1416"]
[BlackElo "782"]
[PlyCount "44"]
[EventDate "2017.06.02"]
[SourceDate "2017.06.04"]
[SourceVersionDate "2017.06.04"]

1. e4 e5 2. Nf3 Nc6 3. Bb5 a6 4. Ba4 Nf6 5. Nc3 d6 6. d3 Bg4 7. O-O b5 8. Bb3
Nd4 9. Bg5 Nxf3+ 10. gxf3 Bh3 11. Re1 h6 12. Bh4 Be7 13. a3 Nh5 14. Bg3 O-O 15.
Ne2 Bg5 16. Kh1 Nf4 17. Bxf4 exf4 18. Qd2 Qf6 19. Rab1 Qg6 20. Rg1 Qh5 21. Nd4
c5 22. Qe2 cxd4 0-1

[Event "Washington Open--Booster Section"]
[Site "Lynnwood, WA"]
[Date "2017.05.28"]
[Round "4"]
[White "Morrison  (WA) , Michael"]
[Black "Pandiaraj  (WA), Pranav"]
[Result "1-0"]
[WhiteElo "1352"]
[BlackElo "683"]
[PlyCount "53"]
[EventDate "2017.06.02"]
[SourceDate "2017.06.04"]
[SourceVersionDate "2017.06.04"]

1. e4 e6 2. d4 d5 3. exd5 exd5 4. Nc3 Nf6 5. h3 Be6 6. Be3 c6 7. Bd3 Nbd7 8. a3
Bd6 9. Nf3 O-O 10. O-O Re8 11. Qd2 c5 12. Nb5 Qb6 13. b3 a6 14. Nxd6 Qxd6 15.
c4 cxd4 16. Bxd4 dxc4 17. bxc4 Rac8 18. Rfc1 b5 19. cxb5 axb5 20. Bxb5 Bd5 21.
Bxf6 Rxc1+ 22. Rxc1 gxf6 23. a4 Rb8 24. Nh4 Ne5 25. Nf5 Qe6 26. Qf4 Ng6 27.
Qxb8+ 1-0

[Event "Washington Open--Open Section"]
[Site "Lynnwood, WA"]
[Date "2017.05.28"]
[Round "4"]
[White "Zhang  (WA), Brandon"]
[Black "Bragg  (WA), David"]
[Result "0-1"]
[WhiteElo "2039"]
[BlackElo "2200"]
[PlyCount "44"]
[EventDate "2017.06.02"]
[SourceDate "2017.06.04"]
[SourceVersionDate "2017.06.04"]

1. d4 Nf6 2. c4 g6 3. Nc3 Bg7 4. e4 d6 5. Nf3 O-O 6. Be2 Nbd7 7. Qc2 e5 8. dxe5
Nxe5 9. Nxe5 dxe5 10. Bg5 c6 11. Rd1 Qc7 12. O-O Be6 13. b3 h6 14. Bc1 Rfd8 15.
Ba3 Rxd1 16. Rxd1 Rd8 17. Bf3 Rxd1+ 18. Nxd1 Qa5 19. Qc3 Qxa3 20. Qxe5 Nd7 21.
Qc7 Qb4 22. h3 Qe1+ 0-1

[Event "Washington Open--Open Section"]
[Site "Lynnwood, WA"]
[Date "2017.05.28"]
[Round "4"]
[White "Chen  (WA), Brian"]
[Black "Feldman  (OR), Konner"]
[Result "1/2-1/2"]
[WhiteElo "1775"]
[BlackElo "1663"]
[PlyCount "47"]
[EventDate "2017.06.02"]
[SourceDate "2017.06.04"]
[SourceVersionDate "2017.06.04"]

1. e4 e5 2. Nf3 Nf6 3. Nxe5 d6 4. Nf3 Nxe4 5. Bd3 Nf6 6. Nc3 c6 7. Be2 d5 8. d4
Bd6 9. O-O O-O 10. Bg5 Bf5 11. h3 Nbd7 12. Bd3 Bxd3 13. Qxd3 Qc7 14. Rfe1 Rfe8
15. a3 h6 16. Bd2 Nf8 17. Qf5 Qd7 18. Nh4 Ng6 19. Qxd7 Nxd7 20. Nxg6 fxg6 21.
g3 g5 22. Kg2 Kh7 23. Re3 Rxe3 24. Bxe3 1/2-1/2

[Event "Washington Open--Reserve Section"]
[Site "Lynnwood, WA"]
[Date "2017.05.27"]
[Round "3"]
[White "Allen  (WA), Robert"]
[Black "RIchards  (WA), Jerrold"]
[Result "1-0"]
[WhiteElo "1700"]
[BlackElo "1428"]
[PlyCount "49"]
[EventDate "2017.06.02"]
[SourceDate "2017.06.04"]
[SourceVersionDate "2017.06.04"]

1. d4 Nf6 2. c4 g6 3. Nc3 Bg7 4. e4 d6 5. Nf3 O-O 6. Be2 Nc6 7. d5 Ne5 8. Nxe5
dxe5 9. O-O e6 10. f4 Qe7 11. fxe5 Qc5+ 12. Kh1 Ne8 13. Bf4 Bd7 14. Qd3 Qe7 15.
Rad1 c5 16. d6 Qh4 17. Qe3 f5 18. Bg5 Bh6 19. Bxh6 f4 20. Bxf4 Qd8 21. Bg3
Rxf1+ 22. Rxf1 Qb6 23. Qf2 Nxd6 24. exd6 Qxd6 25. Qf7+ 1-0

[Event "Washington Open--Reserve Section"]
[Site "Lynnwood, WA"]
[Date "2017.05.28"]
[Round "4"]
[White "Orr  (WA), Michael"]
[Black "Lewis-Sandy  (WA), Joshua"]
[Result "0-1"]
[WhiteElo "1613"]
[BlackElo "1730"]
[PlyCount "54"]
[EventDate "2017.06.02"]
[SourceDate "2017.06.05"]
[SourceVersionDate "2017.06.05"]

1. d4 Nf6 2. Nf3 d6 3. Bg5 Nbd7 4. Nbd2 e5 5. Ne4 Be7 6. Nxf6+ Bxf6 7. Bxf6
Qxf6 8. e4 O-O 9. c3 Qg6 10. Qc2 Re8 11. O-O-O exd4 12. Nxd4 Nc5 13. f3 a5 14.
Nb5 Be6 15. Kb1 Re7 16. Ka1 f5 17. Nd4 fxe4 18. Nxe6 Qxe6 19. b3 c6 20. fxe4
Nxe4 21. Bd3 d5 22. Rhe1 Qf6 23. Bxe4 dxe4 24. Rd4 e3 25. Qd3 e2 26. Re4 Rxe4
27. Qxe4 Qxc3+ 0-1